000 00365nam a2200133Ia 4500
008 240624s9999 xx 000 0 und d
041 _aeng
082 _a330 BAR
100 _aBARDSLEY NICHOLAS
245 _aEXPERIMENTAL ECONOMICS RETHINKING THE RU
260 _c2010
_aOxford
_bPrinceton University Press
300 _aviii, : 375 : p. : cm. ; 24
365 _c
_b30
999 _c14801
_d14801